Orgullo del puerto. Las tramas y el sentido vertical de los imaginarios urbanos de Valparaíso a través de Santiago Wanderers.

Sábháilte in:
Sonraí bibleagrafaíochta
Príomhchruthaitheoir: Valenzuela Martínez, Eric (autor)
Rannpháirtithe: Ponce Olmos, Sebastián (autor), Vergara Constela, Carlos (autor)
Formáid: LEABHAR
Teanga:Spáinnis
Foilsithe / Cruthaithe: [Santiago, Chile]: Victorino Lainez, 2016.
Ábhair:
Clibeanna: Cuir clib leis
Níl clibeanna ann, Bí ar an gcéad duine le clib a chur leis an taifead seo!

MARC

LEADER 00000nam a22000007a 4500
003 CL-VaPUC
005 20250324125554.0
008 250131t2016 ||||| |||| 00| 0 spa d
999 |c 446970  |d 446968 
020 |a 978-956-9737-02-2 
040 |c Pontificia Universidad Católica de Valparaíso 
082 |2 21  |a 796.33406 VAL 2016 
100 |9 879433  |a Valenzuela Martínez, Eric  |e autor 
245 |a Orgullo del puerto.  |b Las tramas y el sentido vertical de los imaginarios urbanos de Valparaíso a través de Santiago Wanderers. 
260 |a [Santiago, Chile]:  |b Victorino Lainez,  |c 2016. 
300 |a xxviii, 264 páginas:  |b ilustraciones. 
500 |a c.1 Instituto Arcos. 08-01-2025 
583 |c 20250131  |k Yessy Sthefany Diaz Vidal 
610 0 |9 896056  |a Club de Deportes Santiago Wanderers (Valparaíso, Chile)  |v Historia social 
650 0 |9 502596  |a Fútbol chileno  |z Valparaíso  |x Vida social y costumbres  
700 |9 896052  |a Ponce Olmos, Sebastián  |e autor 
700 |9 896053  |a Vergara Constela, Carlos  |e autor 
942 |2 ddc  |c BK  |n 0 
952 |0 0  |1 0  |2 ddc  |4 0  |6 796_334060000000000_VAL_2016  |7 0  |8 A  |9 600263  |a BIBINC  |b BIBINC  |d 2025-01-31  |e Instituto Arcos  |i 5665139  |o 796.33406 VAL 2016  |p 5665139  |r 2025-01-31  |t 1  |w 2025-01-31  |y BK  |k IFP